000 00575nam a2200229Ia 4500
003 OSt
005 20220924135331.0
006 a|||||r|||| 00| 0
007 ta
008 220923b |||||||| |||| 00| 0 ben d
024 _a290560
037 _cTextual
040 _aARTS
_cARTS
_bben
041 _2ben
_aben
082 _aO113,1M98x, 157N5
100 _aBrecht
_9210105
245 0 _aBrecher kabita o gan
260 _c1995
650 _aGERMAN LITERATURE
_915713
942 _hO113,1M98x, 157N5
_cTEXL
_2CC
999 _c440317
_d440317